000 00619nam a22001817a 4500
999 _c15018
_d15018
003 OSt
082 _2631.56 DIV/FA
088 _aP 184
100 _aDIVYA E
_aNITHYA N. S
_aPARVATHI S
_93396
245 _aFabrication and testing of vanilla extractor
260 _aTavanur 2008
_bKelappaji College of Agricultural Engineering and Technology
300 _a80
500 _aFabrication and testing of vanilla extractor
520 _aFabrication and testing of vanilla extractor
700 _aEr. Prince M. V (Guide)
_93375
856 _uhttps://drive.google.com/open?id=1gZN7YvAGxsgD82TAED0H20SuPIb6gbNR
942 _cPR